000 01026nam a22002897a 4500
003 CHAP
005 20220329143850.0
008 120329s2008 ne r 00010 eng d
010 _a102969
011 _a103941
020 _a9789086860852
035 _a114630
040 _cCHAP
082 0 4 _a618.19
_bP94y
111 2 _aProceedings of international conferencemastitis control from science to practice. (
_d2008 :
_cThe Hague, Ne.)
_991721
245 1 0 _aMastitis control :
_bfrom science to practice
_c/ editado por T. J. G. M. Lam
260 _aWageningen, Ne. :
_bWageningen Academic Publishers,
_c2008
300 _a453 p. :
_bilus.
590 _aBATCH-UPD
_b10
_c20130110
_lUCH01
_h2042
590 _aBATCH-UPD
_b10
_c20130410
_lUCH01
_h0657
590 _aCONVERSION
_b10
_c20130109
_lUCH01
_h1357
650 0 4 _aMastitis
_xCongresos.
_972848
700 1 _aLam, T. J. G. M.
_eed.
_964525
901 _aBK
942 _cLIBRO
949 _a618.19 P94y
_bBC
_cLIBRO
_d33724002317892
_eLIBRO
_gI.260058
_h116468
_i114630
_sb
_t$2,232.36
999 _c102969
_d102969